Five Letter Geography - F - Statistics

General Stats
  • This quiz has been taken 65 times
    9 since last reset
  • The average score is 7 of 10
Answer Stats
Hint Answer % Correct
When water goes beyond its limits Flood
100%
Language known as Persian Farsi
89%
Scientific word for animal life Fauna
89%
Steep glacial inlet named by a Norwegian Fjord
89%
Scientific word for plant life Flora
89%
A sudden burst of light, sometimes solar Flare
78%
Most populous city in North Dakota Fargo
67%
An area of open land, usually grassy Field
67%
The boundary between two air masses Front
44%
The point of origin of an Earthquake Focus
33%
No matching quizzes found
Score Distribution
Percent of People with Each Score
Percentile by Number Answered
Your Score History
You have not taken this quiz since the last reset